000
00232nam a22001097a 4500
082
_a
530.11 RVS'A
100
_a
RUSSELL, B
_9
59484
245
_a
THE ABC OF RELATIVITY
260
_a
USA
_b
MENTOR
_c
1960
300
_a
144P
942
_c
BK
999
_c
569451
_d
569451